00836nam a2200205 a 450000100100000000500170001000800410002702000150006804000250008324500820010826000730019030000280026349000300029170000440032170000360036571000710040183000360047295201050050899900170061300004201920201002035905.0130725s1992 sp a 000 0 spa d a8400072634 aDO-SdBNPbspacBNPHU00aRecursos naturales de España /ccoordinadores J. García Guinea y Jesús. aMadrid :bConsejo Superior de Investigaciones Científicas.,c1992. a684 p. :bil. ;c29 cm.1 aTextos universitariosv1512aMartínez Frías, Jesúseed.92605612aGarcía Guinea, J.eed.9689692 aConsejo Superior de Investigaciones Científicas(España)967719 0aTextos universitariosv1591147 001050718MOaGRbGRcCTd2013-11-01iLF1l0o p42019-10r2020-06-25w2020-06-25y1ZNo se presta c41508d41508